000 00330nam a2200145Ia 4500
005 20251222151328.0
008 251222s9999||||xx |||||||||||||| ||spa||
020 _a8443702679
082 _a576.8/L44
100 _aLenay, Charles
245 0 _aLa Evolución:
250 _a1ra.ed
264 _bRBA Editores, S.A.
942 _cLIB
999 _c23966
_d23966